LEADER 01341nam a2200313 u 4500 001 000000079556 003 CaOOAMICUS 005 20070226123542.0 008 040607s2003 vc u000 u ita u 020 $a8886811586 035 $a10998070 040 $aPUL$bita 245 03$aLa clonazione umana. 260 $aCittą del Vaticano :$bL'Osservatore Romano,$cc2003. 300 $a84 p. ;$c21 cm 490 1 $aQuaderni de "L'Osservatore Romano" ;$v67 504 $aBibliografia in nota. 650 4$aClonazione$xAspetti religiosi.$0(OLS)http://pul/subject/26718 650 4$aClonazione umana.$0(OLS)http://pul/subject/26776 650 4$aBioetica.$0(OLS)http://pul/subject/2868 830 0$aQuaderni de "L'Osservatore Romano" ;$v67.$0(OLS)http://pul/title/1262 850 $aPUL 852 $aPUL$W1$xSL Filosofia 3$y81$m174. 9 AGNMA 1$j101781$nBK-PRI$qDDC 21$B101781$CPULBib$Z2$F101781 $H94345 $82 852 $aPUL$W1$xDP1 Fondo Bordoni$y120$m3 B 64$j162920$b2a copia$qFondi$B172688$CPULBib$Z2$F172688 $HBor249 $81 941 1 $a9 941 1 $a1 996 $6020$a8886811586$9(OLS)http://pul/number/104673 996 $6245$aLa clonazione umana$9(OLS)http://pul/title/104186 996 $6260$aCittą del Vaticano :$bL'Osservatore Romano$9(OLS)http://pul/publisher/64756 LEADER 01308nam a2200301 a 4500 001 000000167552 003 CaOOAMICUS 005 20180507152856.0 008 180507s1996 it u000 u ita r 020 $a88-7983-082-1* 032 $aLibriCat 040 $aPUL$bita 041 0 $alat$hger 100 1 $aNietzsche, Friedrich Wilhelm,$d1844-1900.$0(OLS)http://pul/name/664 240 14$aDer Anthichrist.$lItaliano.$0(OLS)http://pul/title/207627 245 12$aL'anticristo :$bmaledizione del cristianesimo /$cFriedrich Nietzsche ; introduzione di Mario Perniola . 260 $aRoma :$bNewton Compton,$c©1996. 300 $a98 p. ;$c20 cm. 490 1 $aTascabili economici Newton. 100 pagine 1000 lire ;$v14 700 1 $aPerniola, Mario.$0(OLS)http://pul/name/79573 830 0$aTascabili economici Newton.$p100 pagine 1000 lire ;$v14.$0(OLS)http://pul/title/171959 850 $aPUL 852 $aPUL$W1$xDP1 Fondo Dalla Palma$y117$m3 C 78$j166214$qFondi$B195195$CPULBib$Z2$F195195 $HDal1645 $81 941 1 $a1 996 $6020$a88-7983-082-1*$9(OLS)http://pul/number/163959 996 $6245$aL'anticristo :$bmaledizione del cristianesimo$9(OLS)http://pul/title/207628 996 $6260$aRoma :$bNewton Compton$9(OLS)http://pul/publisher/50757